Diamond Puzzle #1 - Statistics

General Stats
  • This quiz has been taken 2,734 times
  • The average score is 11 of 20
Answer Stats
Hint Answer % Correct
S Type of beer ALE
93%
E Sixth musical tone LA
90%
I Make watertight SEAL
87%
A Consumed ATE
82%
R Church passageway AISLE
80%
French for and ET
80%
R Rip up TEAR
79%
I Type of killer SERIAL
76%
M Card game for one SOLITAIRE
71%
T Haifa resident, eg. ISRAELI
65%
S Police weapon TASER
50%
L Airport buildings TERMINALS
44%
M Mosque towers MINARETS
35%
I Parody, biting wit SATIRE
35%
N Virtues, ethics MORALITIES
27%
O Food-poisoining bacterium LISTERIA
24%
I Studier of quartz, eg. MINERALIST
23%
N More spiteful NASTIER
21%
Styles characteristic of the East ORIENTALISM
19%
O Regularities, ordinarinesses NORMALITIES
17%
No matching quizzes found
Score Distribution
Percent of People with Each Score
Percentile by Number Answered
Your Score History
You have not taken this quiz